Scary numbers - Statistics

General Stats
  • This quiz has been taken 62 times
  • The average score is 4 of 7
Answer Stats
Answer % Correct
13
89%
666
80%
4
68%
17
43%
23
36%
43
29%
39
27%
No matching quizzes found
Score Distribution
Percent of People with Each Score
Percentile by Number Answered
Your Score History
You have not taken this quiz